000 00408nam a2200145 i 4500
001 bg
100 1 _aDROSCHER, Vitus B.
245 0 _aReguła przetrwania :
_bjak zwierzęta przezwyciężają niebezpieczeństwa ze strony środowiska /
_cVitus B. Dröscher.
260 _aWarszawa,
_c1982.
040 _cBPK
041 _apol
080 _a591.5
942 _cKS
008 s pl f |000 0 pol
999 _c21815
_d21815
856 _uhttp://koha.tu.koszalin.pl/cgi-bin/koha/opac-detail.pl?biblionumber=21815
_yKatalog online BPK